El lugar del otro: historia religiosa y mística / (Registro nro. 166163)

Detalles MARC
000 -LEADER
fixed length control field 00824nam a22002297a 4500
005 - DATE AND TIME OF LATEST TRANSACTION
control field 20230221125721.0
008 - FIXED-LENGTH DATA ELEMENTS--GENERAL INFORMATION
fixed length control field 230216b sp ||||| |||| 00| 0 spa d
020 ## - INTERNATIONAL STANDARD BOOK NUMBER
International Standard Book Number 9788496859043 (España)
020 ## - INTERNATIONAL STANDARD BOOK NUMBER
International Standard Book Number 9789871283484 (Argentina)
050 04 - LIBRARY OF CONGRESS CALL NUMBER
Classification number BR845
Item number C47 2007
100 ## - MAIN ENTRY--PERSONAL NAME
Personal name Certeau, Michel de.
Relator term 1925-1986
245 ## - TITLE STATEMENT
Title El lugar del otro: historia religiosa y mística /
Statement of responsibility, etc Michel de Certeau ; ed. Luce Giard ; traducción Victor Goldstein
Medium
250 ## - EDITION STATEMENT
Edition statement 1a ed.
260 ## - PUBLICATION, DISTRIBUTION, ETC. (IMPRINT)
Place of publication, distribution, etc España ;
Name of publisher, distributor, etc Katz,
Date of publication, distribution, etc 2007
300 ## - PHYSICAL DESCRIPTION
Extent 378 p. ;
Dimensions 23 cm,
Accompanying material
440 ## - SERIES STATEMENT/ADDED ENTRY--TITLE
Title Conocimiento ;
Number of part/section of a work No. 3030
500 ## - GENERAL NOTE
General note # 497 Donacion: Juan Alvarez Cienfuegos 25/ FEB./2020
650 ## - SUBJECT ADDED ENTRY--TOPICAL TERM
Topical term or geographic name as entry element Francia
General subdivision Historia de la Iglesia
Chronological subdivision siglo XVI
700 ## - ADDED ENTRY--PERSONAL NAME
Personal name Giard, Luce
Relator term ed.
700 ## - ADDED ENTRY--PERSONAL NAME
Personal name Goldstein, Victor
Relator term tr.
942 ## - ADDED ENTRY ELEMENTS (KOHA)
Source of classification or shelving scheme Biblioteca del Cogreso de los Estados Unidos
Koha item type Libro
Existencias
Estado de pérdida Fuente de clasificación Estado del daño No para préstamo Ubicación permanente Ubicación actual Apartado o colección Fecha de adquisición Edición Área del conocimiento Total Checkouts Clasificación Código de Barras Date last seen Número de copia Costo por reposición Tipo de recurso
  Biblioteca del Cogreso de los Estados Unidos     Biblioteca de la Facultad de Filosofía Biblioteca de la Facultad de Filosofía General 16/02/2023 1a ed. Educación y Humanidades   BR845 C47 2007 BFF000038808 16/02/2023 C: 1 1.00 Libro